[Event "Dubai op 13th"]
[Site "Dubai"]
[Date "2011.04.10"]
[Round "1"]
[White "Ashwin, Jayaram"]
[Black "Ingcongan, Mama"]
[Result "1-0"]
[WhiteElo "2439"]
[BlackElo "1977"]
[PlyCount "59"]
[EventDate "2011.04.10"]
[EventType "swiss"]
[EventRounds "9"]
[EventCountry "UAE"]
[SourceTitle "CBM 141 Extra"]
[Source "ChessBase"]
[SourceDate "2011.05.03"]
[SourceVersion "1"]
[SourceVersionDate "2011.05.03"]
[SourceQuality "1"]

1. e4 c6 2. d4 d5 3. e5 Bf5 4. Nd2 e6 5. Nb3 Nd7 6. Nf3 h6 7. Be2 Ne7 8. 0-0 Nc8 9. a4 a6 10. Be3 Be7 11. Ne1 Qc7 12. Bd3 Bxd3 13. Nxd3 Ncb6 14. Qg4 g6 15. Nd2 c5 16. a5 Nc8 17. c4 dxc4 18. Nxc5 Bxc5 19. dxc5 Nxe5 20. Qg3 Ne7 21. Nxc4 f6 22. Bd4 Nf5 23. Bxe5 fxe5 24. Qxg6+ Ke7 25. Nd6 Raf8 26. Rfd1 Qxc5 27. Nxf5+ exf5 28. Rac1 Rd8 29. Re1 Qxa5 30. b4 1-0